| 000 | 00470cam a2200169 4500 | ||
|---|---|---|---|
| 001 | BFIL007916 | ||
| 008 | 1959 spa | ||
| 035 | _aBFIL007916 | ||
| 050 | 4 |
_aPQ1997 _b.G6 H58 1959 |
|
| 100 | 1 | _aLesage, Alain-Rene | |
| 245 | 0 |
_aHistoria de Gil Blas de Santillana / _cAlain-Rene Lesage. |
|
| 260 |
_aBarcelona : _bRamon Sopena, _c1959 |
||
| 300 |
_a615 p. ; _c18 cm. |
||
| 500 | _a1 ejemplar | ||
| 504 | _aIncluye indice | ||
| 942 |
_2lcc _cLIB |
||
| 999 |
_c131128 _d131128 |
||